Quizzes
Events
Quiz Creation
Community
Videos
Private Events
Remove Ads
Sign In
Join for FREE
Feedback
Dark Mode
Quiz Categories
Sports
Geography
Music
Movies
Television
Just For Fun
Miscellaneous
History
Literature
Language
Science
Gaming
Entertainment
Religion
Holiday
For Kids
Quiz Lab
Recent
Popular Today
Quiz Kudos Today
Editor Picks
Curator Picks
Quizzes by...
Day
Popularity
Type
Ratings
Length
Year
Community
Subscriptions
Recent Discussions
Orange Saloon
Badges
Playlists
Quests
Create
Leaderboards
Showdown
Live 5
Trivia Bingo
Activity
Puzzle Library
Sporcle Events
Private Events
Virtual Trivia
Globe League
Become a Host
Pub Owners
SporcleCon
Opinionation
Our Games
Videos
Blog
Mobile Apps
Partnerships
Remove Ads and Go Orange
Feedback
Geography
Country
Landmarks
City
State
Population
World
Capital
Continent
Flags
Europe
Africa
Asia
South America
North America
Oceania
Border
Canada
United Kingdom
Topography
United States
Geography
Country
Landmarks
City
State
Population
World
Capital
Continent
Flags
Europe
Africa
Asia
South America
North America
Oceania
Border
Canada
United Kingdom
Topography
United States
Random Quiz
Search Sporcle
×
Quiz Lab
Quiz Lab
Geography
Type in answers that appear in a list
Type in answers that appear in a list
Classic
Best Score? Go Orange.
Seven Wonders of the World Stats
Can you name the Seven Wonders of the World?
By
skmpurple16
60s
7 Questions
60 Plays
60 Plays
60 Plays
Comments
Comments
Give Quiz Kudos
Give Quiz Kudos
-
- Ratings
hide this ad
Replay
Link that replays current quiz
Next Quiz
Link to next quiz in quiz playlist
You Got
0%
They Got
Avg Score
33%
Avg Friend Score
Upgrade to see
Score Distribution
Jump to the score distribution portion of the page
Score
0/7
Timer
01:00
0
Plays Today
Year Built
Wonder
% Correct
605-
562 BC
Hanging Gardens of Babylon
78.3%
2584-
2561 BC
Great Pyramid of Giza
50%
292-
280 BC
Colossus of Rhodes
41.7%
280 BC
Lighthouse of Alexandria
28.3%
550 BC
Temple of Artemis at Ephesus
15%
351 BC
Mausoleum of Halicarnassus
13.3%
466-
456 BC
Statue of Zeus of Olympia
8.3%
Quiz Playlist
Details
Report
Send in Message
Add To Playlist
Classic:
Type in answers that appear in a list
Last Updated: Feb 16, 2017
Quiz Scoreboard
CHALLENGE
Sign Up to Join the Scoreboard
Show All
Scores
Hide
Comments
May contain spoilers
Recently Published
Billboard Blitz: Fleetwood Mac
by CooCooCachoo
Music
15s
Presidents Visiting Landmarks
by Hejman
History
7m
An Introduction to Baseball
by treessimontrees
Sports
5m
More to Explore
Quiz From the Vault
Featured Blog Post
Where Did the Easter Bunny Come From?
hide this ad
You Might Also Like...
Tags
This quiz does not have any tags.
Today's Top Quizzes in Geography
Browse Geography
hide this ad
Top Contributed Quizzes in Geography
1
Countries of the World - No Outlines Minefield
2
Top 25 Cities of France on a map
3
Any capital of a 'B' country per Continent
4
Any capital of a 'C' country per Continent
5
Closest Countries to UK A-Z
6
Any capital of a 'D' country per Continent
7
5-to-1: US Geography No Hints
8
Any capital of an 'E' country per Continent
9
One Thing in Common: United Kingdom
10
Click the Alabama Counties! (Map)
Explore More
Trending Topics
Harry Potter
Crossword
Marvel
NBA
Kpop
Disney
Anime
Pokémon
Soccer
The Office
WWE
NFL
Country
Song
Puzzle
hide this ad
More By:
skmpurple16
Quiz
Plays
Rating
Category
Featured
Created
Top Baby Names
275
4.00
Miscellaneous
Jul 20, 2010
Highest Populated Cities
162
3.00
Geography
Jul 19, 2010
Star Wars Episodes
81
3.00
Movies
Jul 16, 2010
Seven Wonders of the World
60
2.60
Geography
Jul 21, 2010
Go to Creator's Profile
Score Distribution
Quiz Creator Spotlight
skmpurple16
Follow
Send a Message
Quizzes Created
-
Created Quiz Play Count
-
More By This Creator
Popular Quizzes Today
1
Find the US States - No Outlines Minefield
2
Find the Countries of Europe - No Outlines Minefield
3
The Countries of the World
4
Find the US States
5
Risky Map Clicking: Biggest States A-Z
6
US States
7
Popular People in 1961
8
Movies - When Are They Set?
More Geography Quizzes
Geography Crossword
Quiz Lab
Trending Quizzes
Risky Map Clicking: Least Populous States A-Z
1-10 Letter G Words
1-10 Letter F Words
Risky Map Clicking: Next State Alphabetically
Click the Washington State Counties! (Map)
Recently Updated
Leaping Animals
pecheneg
Reality TV Shows (A-Z)
bhenderson79
Rickey Henderson's Hall of Fame Teammates
pecheneg
Champions League XIs: Arsenal
pecheneg
Quick Pick: Celebrities in WWE's Hall of Fame
aduchscher
A-Z Keypad Blitz II
pecheneg
Multiple Oscar Actors
pecheneg
Mystery Phrase Blitz: Oscar 'Best Actors'
pecheneg
F. Scott Fitzgerald Novels
LTH
Pick 3 Villains
ddd62291
Trending Topics
Anime
Crossword
Kpop
Marvel
Disney
NBA
Harry Potter
Pokémon
Puzzle
Song
The Office
NFL
WWE
Soccer
Country
Your Account Isn't Verified!
In order to create a playlist on Sporcle, you need to verify the email address you used during registration. Go to your
Sporcle Settings
to finish the process.
Report this User
Report this user for behavior that violates our
Community Guidelines
.
Details:
Send Report
Go to the Sporcle.com Mobile Site →
Comments